ბათუმის შოთა რუსთაველის სახელმწიფო უნივერსიტეტის ბიბლიოთეკა

Кобальт в жизни растении (ბიბ.ჩანაწერი № 45673)

000 -LEADER
fixed length control field 00564nam a2200205Ia 4500
001 - CONTROL NUMBER
control field 12499
003 - CONTROL NUMBER IDENTIFIER
control field GE_BSU
008 - FIXED-LENGTH DATA ELEMENTS--GENERAL INFORMATION
fixed length control field 181216s||||||||xx |||||||||||||| ||und||
040 ## - CATALOGING SOURCE
Transcribing agency GE_BSU
080 ## - UNIVERSAL DECIMAL CLASSIFICATION NUMBER
Universal Decimal Classification number 581.192.1
100 ## - MAIN ENTRY--PERSONAL NAME
Personal name Ягодин,Б.А.
245 ## - TITLE STATEMENT
Title Кобальт в жизни растении
245 ## - TITLE STATEMENT
Statement of responsibility, etc. Ред.И.Ф.Грибовская. Заицева Т.И.
260 ## - PUBLICATION, DISTRIBUTION, ETC.
Place of publication, distribution, etc. Москва
260 ## - PUBLICATION, DISTRIBUTION, ETC.
Name of publisher, distributor, etc. Наука
260 ## - PUBLICATION, DISTRIBUTION, ETC.
Date of publication, distribution, etc. 1970
300 ## - PHYSICAL DESCRIPTION
Extent 342стр.22см.илл.
653 ## - INDEX TERM--UNCONTROLLED
Uncontrolled term Кобальт в жизни растении
942 ## - ADDED ENTRY ELEMENTS (KOHA)
Koha item type წიგნი
ეგზემპლარები
Withdrawn status Lost status Damaged status Not for loan Date acquired Barcode Date last seen Price effective from Koha item type
        2018-12-17 20533 2018-12-17 2018-12-17 წიგნი